LEADER 00973nam a2200289Ia 4500
008 240830s9999 xx 000 0 und d
020 |a 970-26-0772-8 
040 |a B-ESTELÍ- RUACS / 629.892 C886 
041 |a spa 
082 |a 629.892 C886 
100 1 |a Craig, John J. 
245 1 0 |a Robótica 
250 |a 3a ed. 
260 |a México  |b Pearson Educación  |c 2006 
300 |a 400 p.: il. 
650 7 |a ROBÓTICA 
650 7 |b  DESCRIPCIONES ESPACIALES Y TRANSFORMACIONES 
650 7 |c  CINEMÁTICA DE MANIPULADORES 
650 7 |d  JACOBIANOS 
650 7 |e  GENERACIÓN DE TRAYECTORIAS 
650 7 |f  DISEÑO DEL MECANISMO DEL MANIPULADOR 
650 7 |g  MANIPULADORES - CONTROL LINEAL - NO LINEAL - FUERZA  
650 7 |h  PROGRAMACIÓN DE ROBOTS 
650 7 |i  PROGRAMACIÓN FUERA DE LINEA - ENTIDADES TRIGONOMÉTRICAS - CONVENCIONES DE LOS 24 CONJUNTOS DE ÁNGULOS - FORMULAS DE CINEMÁTICA INVERSA 
942 |c BK  |2 ddc 
991 |a TEXTO 
999 |c 11304